| 000 | 01080nam a2200325 i 4500 | ||
|---|---|---|---|
| 003 | DO-SdBNP | ||
| 005 | 20260321073647.0 | ||
| 007 | ta | ||
| 008 | 081126s1999 dr 001 0 spa d | ||
| 020 | _a9597139022 | ||
| 020 | _a | ||
| 040 |
_aDO-SdBNP _bspa _cBNPHU _erda |
||
| 041 | _aspa | ||
| 082 | 4 |
_a972.91 _bB742c 1999 _222 |
|
| 100 | 1 |
_a Bosch, Juan, _d1909-2001 _eautor _4aut. _976555 |
|
| 245 | 1 | 0 |
_aCuba, la isla fascinante / _cJuan Bosch |
| 250 | _a Tercera edición | ||
| 264 | 1 |
_aSanto Domingo : _bFundación Juan Bosch; _bSecretaria de Estado de Relaciones Exteriores, _c1999. |
|
| 300 |
_a252 páginas : _c21 cm. |
||
| 336 |
_atexto _btxt _2rdacontent |
||
| 337 |
_asin mediación _bn _2rdamedia |
||
| 338 |
_avolumen _bnc _2rdacarrier |
||
| 505 |
_aEl escenario-- _tEl drama de los actores-- _tCarácter y producción. |
||
| 590 | _aInventariado, 2022/ YL | ||
| 651 | 4 |
_aCuba _xHistoria _9493 |
|
| 651 | 4 |
_aCuba _xCivilización _9494 |
|
| 651 | 4 |
_aCuba _xDescripciones y viajes _9495 |
|
| 910 | _aBtavárez. Validado control de calidad/MAA | ||
| 942 |
_2ddc _cLBS1 |
||
| 999 |
_c59946 _d59946 |
||